| 000 | 004640000a22001930004500 | ||
|---|---|---|---|
| 001 | 003025 | ||
| 003 | MACL | ||
| 005 | 20150813155108.0 | ||
| 008 | 150813b xxu||||| |||| 00| 0 eng d | ||
| 040 |
_aMACL _cMACL |
||
| 041 | _aEnglish | ||
| 082 | _a398.095/MAT | ||
| 100 |
_aMathur, G.L. _95369 |
||
| 245 |
_aFolklore Of Rajasthan _cG.L. Mathur |
||
| 260 |
_aJodhpur _c2002 _bBooks Treasure, |
||
| 350 | _a75 | ||
| 650 |
_aFolklore _95370 |
||
| 942 |
_k398 _cBK _2ddc |
||
| 999 |
_c14931 _d14931 |
||